[Event "FRA-ch op"]
[Site "Nimes"]
[Date "2014.08.17"]
[Round "1"]
[White "Basso, Pierre Yves"]
[Black "Busson, Benoist"]
[Result "1/2-1/2"]
[WhiteElo "1840"]
[BlackElo "1983"]
[PlyCount "124"]
[EventDate "2014.08.17"]
[EventType "swiss"]
[EventRounds "11"]
[EventCountry "FRA"]
[SourceTitle "EXT 2015"]
[Source "ChessBase"]
[SourceDate "2014.11.20"]
[SourceVersion "1"]
[SourceVersionDate "2014.11.20"]
[SourceQuality "1"]

1. d4 d5 2. c4 e5 3. dxe5 d4 4. a3 Nc6 5. Nf3 f6 6. exf6 Qxf6 7. Bg5 Qg6 8. Bf4 Qf7 9. Qc1 Bg4 10. Ne5 Nxe5 11. Bxe5 0-0-0 12. Qf4 Qd7 13. Nd2 Ne7 14. h3 Be6 15. Qf3 Ng6 16. Bh2 Be7 17. g4 Rhf8 18. Qe4 Bh4 19. Bg3 Bxg3 20. fxg3 Qf7 21. Bg2 c6 22. Rf1 Qg8 23. Rc1 Rfe8 24. Rf3 Bxc4 25. Qf5+ Be6 26. Qa5 Bd5 27. Qxa7 Bxf3 28. Bxf3 Ne5 29. Be4 g6 30. Rc5 Qe6 31. Rb5 Re7 32. Qa8+ Kd7 33. Rxb7+ Ke8 34. Rxe7+ Kxe7 35. Qb7+ Rd7 36. Qb4+ Qd6 37. Qb3 d3 38. Qc3 dxe2 39. Kxe2 c5 40. Ke3 Nf7 41. Nf3 Kf8 42. Kf2 Re7 43. Bd3 Ne5 44. Be4 Nxg4+ 45. hxg4 Rxe4 46. Ng5 Rd4 47. Qf3+ Ke7 48. Ne4 Qb6 49. b3 c4 50. Qe3 Kd8 51. bxc4 Qb2+ 52. Kf3 Rxc4 53. Qg5+ Kc7 54. Qe7+ Kb6 55. Qd8+ Ka7 56. Qa5+ Kb8 57. Qd8+ Rc8 58. Qd6+ Rc7 59. Qd8+ Kb7 60. Qd5+ Kb6 61. Qd6+ Kb7 62. Nc5+ Rxc5 1/2-1/2

[Event "FRA-ch op-B"]
[Site "Pau"]
[Date "2012.08.25"]
[Round "11"]
[White "Touzeau, Maxime"]
[Black "Basso, Pierre Yves"]
[Result "0-1"]
[WhiteElo "1954"]
[BlackElo "1911"]
[PlyCount "62"]
[EventDate "2012.08.14"]
[EventType "swiss"]
[EventRounds "11"]
[EventCountry "FRA"]
[SourceTitle "EXT 2013"]
[Source "ChessBase"]
[SourceDate "2012.11.22"]
[SourceVersion "1"]
[SourceVersionDate "2012.11.22"]
[SourceQuality "1"]

1. d4 e6 2. Nf3 d5 3. c4 Nf6 4. Nc3 Be7 5. Bg5 0-0 6. e3 h6 7. Bh4 b6 8. cxd5 Nxd5 9. Nxd5 exd5 10. Bxe7 Qxe7 11. Qb3 Be6 12. Be2 c5 13. dxc5 bxc5 14. 0-0 Nc6 15. Qc3 Rfc8 16. Rfc1 Nb4 17. Qe5 Nc6 18. Qf4 Rab8 19. Ne5 Rxb2 20. Ba6 Nxe5 21. Qxe5 Rcb8 22. a4 R8b4 23. Bb5 c4 24. g3 Qb7 25. e4 Qb6 26. Rf1 d4 27. Kg2 d3 28. Ra3 Re2 29. Qf4 Rbb2 30. Rc3 Qd4 31. Ra3 Rxe4 0-1

[Event "Creon op 16th"]
[Site "Creon"]
[Date "2011.08.04"]
[Round "6"]
[White "Basso, Pierre Yves"]
[Black "Kirk, Ezra"]
[Result "1-0"]
[WhiteElo "1904"]
[BlackElo "2132"]
[PlyCount "117"]
[EventDate "2011.08.01"]
[EventType "swiss"]
[EventRounds "9"]
[EventCountry "FRA"]
[SourceTitle "CBM 143 Extra"]
[Source "ChessBase"]
[SourceDate "2011.08.29"]
[SourceVersion "1"]
[SourceVersionDate "2011.08.29"]
[SourceQuality "1"]

1. d4 Nf6 2. c4 g6 3. Nc3 Bg7 4. e4 d6 5. f4 0-0 6. Nf3 c5 7. d5 e6 8. dxe6 Bxe6 9. Bd3 Nc6 10. 0-0 Bg4 11. Be3 Nh5 12. Be2 Re8 13. Ng5 Bxe2 14. Qxe2 Nd4 15. Qf2 f5 16. Rae1 Nf6 17. Kh1 Ng4 18. Qd2 h6 19. Nf3 Nxe3 20. Rxe3 Kh7 21. Qd3 Qe7 22. Rfe1 Qf7 23. Nh4 fxe4 24. Rxe4 Nf5 25. Nf3 Rxe4 26. Qxe4 Bf6 27. Qe6 Rf8 28. Re2 Bxc3 29. bxc3 Ng7 30. Qxf7 Rxf7 31. g3 Nf5 32. Kg2 Kg7 33. g4 Ne7 34. Kg3 Kf8 35. Re6 d5 36. Ne5 Rg7 37. cxd5 Nxd5 38. c4 Nc3 39. a3 Nb1 40. a4 Nd2 41. Kf2 b6 42. Ke2 Nb3 43. Kd3 Kg8 44. Rxg6 Rxg6 45. Nxg6 Kg7 46. Ne7 Nc1+ 47. Ke4 Ne2 48. Nd5 h5 49. gxh5 Kh6 50. f5 Nd4 51. f6 Ne6 52. Ke5 Nd8 53. Kd6 Kxh5 54. Kd7 Nf7 55. Ke6 Ng5+ 56. Ke7 Kg6 57. h4 Nh7 58. f7 Kg7 59. Nf4 1-0

[Event "Naujac op 14th"]
[Site "Naujac"]
[Date "2011.06.??"]
[Round "6"]
[White "Basso, Pierre Yves"]
[Black "Zierke, Oliver"]
[Result "0-1"]
[WhiteElo "1909"]
[BlackElo "2288"]
[PlyCount "66"]
[EventDate "2011.06.26"]
[EventType "swiss"]
[EventRounds "9"]
[EventCountry "FRA"]
[SourceTitle "EXT 2013"]
[Source "ChessBase"]
[SourceDate "2012.11.22"]
[SourceVersion "1"]
[SourceVersionDate "2012.11.22"]
[SourceQuality "1"]

1. d4 Nf6 2. c4 e6 3. g3 c5 4. d5 exd5 5. cxd5 d6 6. Bg2 g6 7. Nf3 Bg7 8. Nc3 0-0 9. 0-0 a6 10. a4 Nbd7 11. h3 Rb8 12. a5 b5 13. axb6 Nxb6 14. Nd2 Nfd7 15. Kh2 Re8 16. e4 Ne5 17. Qc2 Nbc4 18. b3 Nxd2 19. Bxd2 Qb6 20. Rab1 f5 21. f4 Nf7 22. Rfe1 Bd7 23. Nd1 Nh6 24. Ne3 fxe4 25. Nc4 Qd8 26. Bxe4 Qf6 27. Re3 Nf5 28. Ree1 Nd4 29. Qd3 Bf5 30. Bxf5 Qxf5 31. Qf1 Qc2 32. Rec1 Qe4 33. Re1 Nf3+ 0-1

[Event "Ambes op 3rd"]
[Site "Ambes"]
[Date "2010.04.30"]
[Round "7"]
[White "Curely, Etienne"]
[Black "Basso, Pierre Yves"]
[Result "1-0"]
[WhiteElo "1793"]
[BlackElo "1972"]
[PlyCount "93"]
[EventDate "2010.04.24"]
[EventType "swiss"]
[EventRounds "9"]
[EventCountry "FRA"]
[SourceTitle "EXT 2011"]
[Source "ChessBase"]
[SourceDate "2010.11.26"]
[SourceVersion "1"]
[SourceVersionDate "2010.11.26"]
[SourceQuality "1"]

1. e4 e6 2. d4 d5 3. exd5 exd5 4. Bd3 Nc6 5. c3 Bd6 6. Ne2 Nge7 7. Bf4 Bf5 8. Qc2 Bxd3 9. Qxd3 a6 10. Nd2 Qd7 11. 0-0 0-0-0 12. b4 Bxf4 13. Nxf4 Qf5 14. Qg3 h5 15. Nf3 f6 16. Rfe1 h4 17. Nxh4 Rxh4 18. Ne6 Rd6 19. Qxh4 Rxe6 20. Qh8+ Nd8 21. Qxg7 Nec6 22. Rxe6 Nxe6 23. Qg8+ Kd7 24. Re1 Ncd8 25. h4 Qh5 26. g3 Qh6 27. Qg4 Qd2 28. Re3 Qxa2 29. Qf5 Ke7 30. h5 Qa4 31. Qxd5 Qd1+ 32. Kg2 Qg4 33. f3 Qg7 34. Qf5 Kf7 35. d5 Nf8 36. Qc8 Qg5 37. f4 Qxd5+ 38. Kf2 Nfe6 39. h6 c5 40. bxc5 Qc6 41. Qxc6 bxc6 42. f5 Nxc5 43. g4 Ncb7 44. Re2 a5 45. Ke3 a4 46. Kd4 c5+ 47. Kc4 1-0

[Event "Creon op 14th"]
[Site "Creon"]
[Date "2009.07.28"]
[Round "2"]
[White "Mohota, Nisha"]
[Black "Basso, Pierre Yves"]
[Result "1/2-1/2"]
[WhiteElo "2315"]
[BlackElo "1966"]
[PlyCount "123"]
[EventDate "2009.07.27"]
[EventType "swiss"]
[EventRounds "9"]
[EventCountry "FRA"]
[SourceTitle "CBM 131 Extra"]
[Source "ChessBase"]
[SourceDate "2009.09.03"]
[SourceVersion "2"]
[SourceVersionDate "2009.09.16"]
[SourceQuality "1"]

1. d4 d5 2. c4 c6 3. Nc3 e6 4. e3 Nf6 5. Nf3 Nbd7 6. a3 Bd6 7. Bd3 e5 8. cxd5 cxd5 9. Nb5 Bb8 10. dxe5 Nxe5 11. Nxe5 Bxe5 12. Be2 Ne4 13. 0-0 0-0 14. f4 Bf6 15. Bf3 Re8 16. Qd3 b6 17. Nd4 Bb7 18. b4 Nd6 19. Ra2 Rc8 20. g4 h6 21. Rg2 Rc7 22. Kh1 Qc8 23. Bb2 Nc4 24. Bc1 Nd6 25. Qb1 Nc4 26. Nf5 d4 27. e4 Qa8 28. Re2 Ne3 29. Bxe3 Bxe4 30. Bxe4 Rxe4 31. Kg1 dxe3 32. h3 Rc3 33. Rc1 Rxc1+ 34. Qxc1 Rxf4 35. Qxe3 Qf3 36. Kh2 h5 37. Qxf3 Rxf3 38. Re3 hxg4 39. hxg4 Rxe3 40. Nxe3 Bb2 41. Nc4 Bc1 42. a4 Kf8 43. Kg3 Ke7 44. b5 Ke6 45. a5 bxa5 46. Nxa5 Be3 47. Kf3 Bb6 48. Nc6 f6 49. Ke4 g6 50. Nb4 f5+ 51. gxf5+ gxf5+ 52. Kf4 Bc7+ 53. Kg5 Ba5 54. Nc6 Bd2+ 55. Kh4 Be3 56. Kg3 f4+ 57. Kf3 Kf5 58. Ne7+ Kg5 59. Nc6 Bc5 60. Ne5 Kf5 61. Nc6 Kg5 62. Ne5 1/2-1/2

[Event "Creon op 14th"]
[Site "Creon"]
[Date "2009.07.27"]
[Round "1"]
[White "Basso, Pierre Yves"]
[Black "Amram, Roger"]
[Result "1-0"]
[WhiteElo "1966"]
[BlackElo "1770"]
[PlyCount "99"]
[EventDate "2009.07.27"]
[EventType "swiss"]
[EventRounds "9"]
[EventCountry "FRA"]
[SourceTitle "CBM 131 Extra"]
[Source "ChessBase"]
[SourceDate "2009.09.03"]
[SourceVersion "2"]
[SourceVersionDate "2009.09.16"]
[SourceQuality "1"]

1. d4 g6 2. c4 Bg7 3. Nc3 d6 4. e4 Nc6 5. Be3 e5 6. d5 Nce7 7. Bd3 f5 8. f3 Nf6 9. Nge2 fxe4 10. Nxe4 0-0 11. N2c3 Nf5 12. Bg5 Bd7 13. Qd2 a6 14. 0-0 Qe8 15. Nxf6+ Bxf6 16. Ne4 Bxg5 17. Nxg5 Qe7 18. Rac1 b6 19. b4 Nd4 20. c5 bxc5 21. bxc5 Bb5 22. Bxb5 axb5 23. Rfe1 Rf4 24. Ne4 Rxf3 25. Nxd6 cxd6 26. Qxd4 Qf6 27. Qb2 Rfa3 28. Rf1 Qe7 29. cxd6 Qxd6 30. Qxb5 Rb8 31. Qc6 Qxc6 32. dxc6 Rxa2 33. c7 Rc8 34. Rfd1 Kg7 35. Rd8 Raa8 36. Rd7+ Kh6 37. h4 e4 38. Rc5 e3 39. Kf1 Re8 40. Rc2 Rf8+ 41. Ke1 Ra1+ 42. Rd1 Rxd1+ 43. Kxd1 Rc8 44. Ke2 Kh5 45. Rc4 g5 46. hxg5 Kxg5 47. Kxe3 Kg6 48. Kf4 h6 49. Rc6+ Kg7 50. Ke5 1-0

[Event "Ambes op 2nd"]
[Site "Ambes"]
[Date "2009.04.17"]
[Round "7"]
[White "Basso, Pierre Yves"]
[Black "Fantinel, Thibault"]
[Result "0-1"]
[WhiteElo "1956"]
[BlackElo "2036"]
[PlyCount "101"]
[EventDate "2009.04.11"]
[EventType "swiss"]
[EventRounds "9"]
[EventCountry "FRA"]
[SourceTitle "EXT 2012"]
[Source "ChessBase"]
[SourceDate "2011.11.24"]
[SourceVersion "1"]
[SourceVersionDate "2011.11.24"]
[SourceQuality "1"]

1. d4 d5 2. c4 c6 3. Nf3 Nf6 4. e3 Bg4 5. Qb3 Qb6 6. Nc3 e6 7. Bd2 Nbd7 8. Be2 Be7 9. h3 Bxf3 10. gxf3 dxc4 11. Bxc4 Qxb3 12. Bxb3 0-0 13. Rc1 e5 14. dxe5 Nxe5 15. Ke2 Rfd8 16. Rc2 Ne8 17. Ne4 Nc7 18. Bc3 Ng6 19. Bd4 Nd5 20. Rg1 Kf8 21. f4 Ndxf4+ 22. Kf1 Nd5 23. Ng3 Nb4 24. Rc4 Nd3 25. Ke2 Nge5 26. Nf5 Nxc4 27. Bxg7+ Ke8 28. Bxc4 Nc5 29. Bh6 Bf6 30. Ng7+ Kd7 31. b4 Ne6 32. Rg4 Bxg7 33. Bxe6+ Kxe6 34. Bxg7 f5 35. Rh4 Kf7 36. Bd4 Kg6 37. Bc5 a5 38. Bb6 Rd5 39. bxa5 Re8 40. Rb4 Re4 41. Rb2 Ra4 42. Kf3 Rb5 43. Re2 Rd5 44. Rb2 Re4 45. Bc7 Rb5 46. Rd2 Rxa5 47. Rb2 Rb5 48. Rd2 Re7 49. Bd8 Re8 50. Rd6+ Kf7 51. Bb6 0-1

[Event "Ambes op 2nd"]
[Site "Ambes"]
[Date "2009.04.15"]
[Round "5"]
[White "Favarel, Antoine"]
[Black "Basso, Pierre Yves"]
[Result "1-0"]
[WhiteElo "2204"]
[BlackElo "1956"]
[PlyCount "86"]
[EventDate "2009.04.11"]
[EventType "swiss"]
[EventRounds "9"]
[EventCountry "FRA"]
[SourceTitle "EXT 2012"]
[Source "ChessBase"]
[SourceDate "2011.11.24"]
[SourceVersion "1"]
[SourceVersionDate "2011.11.24"]
[SourceQuality "1"]

1. c4 e6 2. g3 d5 3. cxd5 exd5 4. Bg2 Nf6 5. d4 c6 6. Nc3 Bf5 7. Bg5 Nbd7 8. Bh3 Bxh3 9. Nxh3 h6 10. Bxf6 Nxf6 11. Nf4 Qb6 12. Qd2 Ne4 13. Nxe4 dxe4 14. 0-0 Bd6 15. Qe3 0-0 16. Qxe4 Rfe8 17. Qd3 Bxf4 18. gxf4 Rad8 19. e3 c5 20. d5 Re7 21. b3 Qd6 22. Rad1 Red7 23. Qf5 Qa6 24. Rd2 Rd6 25. Rfd1 Rf6 26. Qe4 Qd6 27. Kh1 Qd7 28. a3 b5 29. d6 Qh3 30. d7 Re6 31. Qg2 Qf5 32. Qf3 c4 33. Rd5 Qc2 34. Rc5 Rxd7 35. Rxd7 Qb1+ 36. Rd1 Qxb3 37. Rc8+ Kh7 38. f5 Rf6 39. Kg2 g6 40. fxg6+ Rxg6+ 41. Kh1 c3 42. Qd5 Qc2 43. Rf8 h5 1-0

[Event "Ambes op 2nd"]
[Site "Ambes"]
[Date "2009.04.13"]
[Round "3"]
[White "Delgrange, Jean Loup"]
[Black "Basso, Pierre Yves"]
[Result "1-0"]
[WhiteElo "1950"]
[BlackElo "1956"]
[PlyCount "45"]
[EventDate "2009.04.11"]
[EventType "swiss"]
[EventRounds "9"]
[EventCountry "FRA"]
[SourceTitle "EXT 2012"]
[Source "ChessBase"]
[SourceDate "2011.11.24"]
[SourceVersion "1"]
[SourceVersionDate "2011.11.24"]
[SourceQuality "1"]

1. Nf3 Nf6 2. d4 d5 3. g3 e6 4. Bg2 Be7 5. 0-0 0-0 6. Nbd2 c5 7. c3 Nc6 8. Ne5 cxd4 9. Nxc6 bxc6 10. cxd4 Qb6 11. Nf3 c5 12. Qb3 Ba6 13. Qxb6 axb6 14. Re1 Bc4 15. a3 Bb3 16. Bg5 h6 17. Bxf6 Bxf6 18. e3 Ra4 19. Nd2 Bc2 20. b3 Ra5 21. Rec1 Bg6 22. b4 cxb4 23. axb4 1-0

[Event "Ambes op 2nd"]
[Site "Ambes"]
[Date "2009.04.12"]
[Round "2"]
[White "Basso, Pierre Yves"]
[Black "Sabatier, Lionel"]
[Result "1-0"]
[WhiteElo "1956"]
[BlackElo "1757"]
[PlyCount "77"]
[EventDate "2009.04.11"]
[EventType "swiss"]
[EventRounds "9"]
[EventCountry "FRA"]
[SourceTitle "EXT 2012"]
[Source "ChessBase"]
[SourceDate "2011.11.24"]
[SourceVersion "1"]
[SourceVersionDate "2011.11.24"]
[SourceQuality "1"]

1. d4 d6 2. Nf3 Nf6 3. g3 g6 4. Bg2 Bg7 5. 0-0 0-0 6. Re1 c6 7. e4 Bg4 8. Qd3 Nbd7 9. Nbd2 Bxf3 10. Nxf3 c5 11. c3 Qc7 12. e5 dxe5 13. dxe5 Ng4 14. e6 fxe6 15. Qc4 Nde5 16. Qxe6+ Kh8 17. Bf4 Qd7 18. Bxe5 Nxe5 19. Rxe5 Qc6 20. Qxc6 bxc6 21. Rxe7 Rf6 22. Rae1 Raf8 23. Re8 Bh6 24. h3 Kg7 25. Rxf8 Kxf8 26. Nh2 Rf7 27. Bd5 Rc7 28. Ng4 Bg7 29. Re6 Rd7 30. Nf6 Bxf6 31. Rxf6+ Kg7 32. Re6 Kf8 33. f4 a5 34. c4 a4 35. Kf2 Kg7 36. Kf3 h6 37. g4 a3 38. bxa3 g5 39. Be4 1-0

[Event "Creon op 13th"]
[Site "Creon"]
[Date "2008.08.03"]
[Round "9"]
[White "Basso, Pierre Yves"]
[Black "Lejarre, Ludovic"]
[Result "0-1"]
[WhiteElo "1933"]
[BlackElo "2409"]
[PlyCount "50"]
[EventDate "2008.07.28"]
[EventType "swiss"]
[EventRounds "9"]
[EventCountry "FRA"]
[SourceTitle "CBM 125 Extra"]
[Source "ChessBase"]
[SourceDate "2008.09.01"]
[SourceVersion "1"]
[SourceVersionDate "2008.09.01"]
[SourceQuality "1"]

1. d4 Nf6 2. c4 g6 3. Nc3 Bg7 4. e4 d6 5. Be2 0-0 6. Bg5 Na6 7. Qd2 e5 8. d5 Qe8 9. f3 Nh5 10. g4 Nf4 11. Bxf4 exf4 12. Qxf4 f5 13. gxf5 gxf5 14. Qe3 Qg6 15. Nh3 f4 16. Nxf4 Qg5 17. Ng2 Qxg2 18. Rg1 Qxh2 19. 0-0-0 Qf4 20. Qxf4 Rxf4 21. Nb5 Kh8 22. Rh1 Bd7 23. Rh5 Bxb5 24. cxb5 Nc5 25. Rdh1 h6 0-1

[Event "Creon op 13th"]
[Site "Creon"]
[Date "2008.08.02"]
[Round "8"]
[White "Jaureguiberry, Cedric"]
[Black "Basso, Pierre Yves"]
[Result "1/2-1/2"]
[WhiteElo "2169"]
[BlackElo "1933"]
[PlyCount "57"]
[EventDate "2008.07.28"]
[EventType "swiss"]
[EventRounds "9"]
[EventCountry "FRA"]
[SourceTitle "CBM 125 Extra"]
[Source "ChessBase"]
[SourceDate "2008.09.01"]
[SourceVersion "1"]
[SourceVersionDate "2008.09.01"]
[SourceQuality "1"]

1. e4 c5 2. Nf3 d6 3. d4 cxd4 4. Nxd4 Nf6 5. Nc3 g6 6. Be3 Bg7 7. f3 0-0 8. Qd2 Nc6 9. Bc4 Bd7 10. 0-0-0 Rc8 11. Bb3 Nxd4 12. Bxd4 b5 13. e5 dxe5 14. Bxe5 Bc6 15. Qe3 Qa5 16. Kb1 b4 17. Bxf6 Bxf6 18. Nd5 Bxd5 19. Rxd5 Qc7 20. h4 Rcd8 21. h5 Rxd5 22. Bxd5 Qe5 23. Qxe5 Bxe5 24. hxg6 hxg6 25. Re1 Bd6 26. c4 bxc3 27. bxc3 Rc8 28. Kc2 Rc5 29. Rd1 1/2-1/2

[Event "Creon op 13th"]
[Site "Creon"]
[Date "2008.07.28"]
[Round "1"]
[White "Ippolito, Manuel"]
[Black "Basso, Pierre Yves"]
[Result "1-0"]
[WhiteElo "2272"]
[BlackElo "1933"]
[PlyCount "83"]
[EventDate "2008.07.28"]
[EventType "swiss"]
[EventRounds "9"]
[EventCountry "FRA"]
[SourceTitle "CBM 125 Extra"]
[Source "ChessBase"]
[SourceDate "2008.09.01"]
[SourceVersion "1"]
[SourceVersionDate "2008.09.01"]
[SourceQuality "1"]

1. e4 c5 2. Nf3 e6 3. d4 cxd4 4. Nxd4 Nf6 5. Bd3 Nc6 6. Nxc6 bxc6 7. 0-0 d5 8. e5 Nd7 9. f4 Ba6 10. Kh1 Bxd3 11. cxd3 g6 12. b3 Bg7 13. Ba3 c5 14. Nc3 Qa5 15. Na4 0-0 16. d4 Rfc8 17. dxc5 Bf8 18. b4 Qb5 19. Nc3 Qb8 20. Nxd5 exd5 21. Qxd5 Rd8 22. e6 fxe6 23. Qxe6+ Kh8 24. Rad1 Qc8 25. Bb2+ Bg7 26. Bxg7+ Kxg7 27. Qe7+ Kg8 28. f5 Nf8 29. f6 Ne6 30. Rde1 Qa6 31. Qxe6+ Qxe6 32. Rxe6 a5 33. b5 Rd5 34. Rc6 Rad8 35. h3 Rd2 36. b6 Rxa2 37. b7 Rb2 38. Rc8 Rf8 39. c6 Kf7 40. Rxf8+ Kxf8 41. c7 Rxb7 42. c8Q+ 1-0

[Event "Creon op 12th"]
[Site "Creon"]
[Date "2007.07.30"]
[Round "1"]
[White "Basso, Pierre Yves"]
[Black "Sanduleac, Vasile"]
[Result "0-1"]
[WhiteElo "1975"]
[BlackElo "2431"]
[PlyCount "58"]
[EventDate "2007.07.30"]
[EventType "swiss"]
[EventRounds "9"]
[EventCountry "FRA"]
[SourceTitle "CBM 119 Extra"]
[Source "ChessBase"]
[SourceDate "2007.09.04"]
[SourceVersion "1"]
[SourceVersionDate "2007.09.04"]
[SourceQuality "1"]

1. d4 d6 2. Nf3 Bg4 3. e4 Nf6 4. Bd3 c6 5. 0-0 Nbd7 6. c3 e5 7. Be3 d5 8. Nbd2 dxe4 9. Nxe4 Nxe4 10. Bxe4 f5 11. Bg5 Be7 12. Bxe7 Qxe7 13. Bc2 e4 14. Re1 Nf6 15. Qd2 0-0-0 16. Ne5 Qxe5 17. f3 Bh5 18. Qg5 Qe6 19. fxe4 fxe4 20. Bxe4 Nxe4 21. Qxh5 Rde8 22. Qa5 Kb8 23. Rad1 Qd5 24. Qb4 Nf6 25. Re7 Rxe7 26. Qxe7 Re8 27. Qb4 Qe6 28. c4 Qe3+ 29. Kh1 Ne4 0-1

[Event "Val Thorens op 33th"]
[Site "Val Thorens"]
[Date "2007.07.14"]
[Round "1"]
[White "Gladyszev, Oleg"]
[Black "Basso, Pierre Yves"]
[Result "1-0"]
[WhiteElo "2480"]
[BlackElo "1990"]
[PlyCount "97"]
[EventDate "2007.07.14"]
[EventType "swiss"]
[EventRounds "9"]
[EventCountry "FRA"]
[SourceTitle "EXT 2010"]
[Source "ChessBase"]
[SourceDate "2010.11.25"]
[SourceVersion "1"]
[SourceVersionDate "2010.11.25"]
[SourceQuality "1"]

1. d4 Nf6 2. c4 e6 3. Nc3 Bb4 4. Qc2 c5 5. dxc5 0-0 6. a3 Bxc5 7. Nf3 b6 8. Bf4 a6 9. e3 Bb7 10. Be2 d5 11. Rd1 Qc8 12. Na4 Nbd7 13. Nxc5 Qxc5 14. 0-0 Rac8 15. Qb1 Rfe8 16. cxd5 Nxd5 17. Bg3 Nxe3 18. fxe3 Qxe3+ 19. Rf2 Be4 20. Bd3 Nc5 21. Bxe4 Qxe4 22. Qxe4 Nxe4 23. Re2 f5 24. Bf2 b5 25. Be1 Rc6 26. Kf1 Rec8 27. Bb4 h6 28. Rde1 Re8 29. Nd2 Nf6 30. Nb3 e5 31. Rxe5 Rxe5 32. Rxe5 Ng4 33. Re8+ Kh7 34. h3 Nf6 35. Re2 Ne4 36. Be1 Rd6 37. Rc2 h5 38. Nc5 Nf6 39. Rd2 Rc6 40. b4 g5 41. Bf2 Kg6 42. Rd8 Ne4 43. Nxe4 fxe4 44. Bc5 Re6 45. Ke2 g4 46. hxg4 hxg4 47. Ke3 Kg5 48. g3 Kf5 49. Rd5+ 1-0

[Event "FRA-chT III 0203"]
[Site "France"]
[Date "2002.12.21"]
[Round "3"]
[White "Basso, Pierre Yves"]
[Black "Favarel, Antoine"]
[Result "1-0"]
[WhiteElo "2037"]
[BlackElo "1710"]
[PlyCount "64"]
[EventDate "2002.??.??"]
[EventType "team"]
[EventRounds "7"]
[EventCountry "FRA"]
[SourceTitle "EXT 2007"]
[Source "ChessBase"]
[SourceDate "2006.11.23"]
[SourceVersion "1"]
[SourceVersionDate "2006.11.23"]
[SourceQuality "1"]

1. c4 e5 2. g3 Bc5 3. Bg2 d6 4. Nc3 Nc6 5. d3 Nge7 6. Nf3 Bg4 7. h3 Bd7 8. 0-0 Nf5 9. Kh2 h5 10. Ne4 Bb6 11. Qd2 Ncd4 12. Nxd4 Nxd4 13. Ng5 Bc6 14. Bxc6+ Nxc6 15. f4 f6 16. Nf3 Qd7 17. b4 exf4 18. Qxf4 Nxb4 19. Qe4+ Qe7 20. Qg6+ Qf7 21. Qe4+ Qe7 22. Qg6+ Kd8 23. e3 Rh6 24. Qf5 Nc2 25. Rb1 Bxe3 26. Rb2 Bxc1 27. Rxc2 Ba3 28. Re1 Qd7 29. Qd5 Rh8 30. Qxb7 Qc8 31. Qe4 Kd7 32. Nd4 Qa6 1-0

[Event "FRA-chT III 0102"]
[Site "France"]
[Date "2001.04.01"]
[Round "7"]
[White "Mestre, Gilles"]
[Black "Basso, Pierre Yves"]
[Result "0-1"]
[WhiteElo "2040"]
[BlackElo "2071"]
[PlyCount "92"]
[EventDate "2001.??.??"]
[EventType "team"]
[EventRounds "7"]
[EventCountry "FRA"]
[SourceTitle "EXT 2007"]
[Source "ChessBase"]
[SourceDate "2006.11.23"]
[SourceVersion "1"]
[SourceVersionDate "2006.11.23"]
[SourceQuality "1"]

1. e4 c6 2. d4 d5 3. exd5 cxd5 4. c4 Nf6 5. Nc3 e6 6. Nf3 Nc6 7. Be2 Be7 8. 0-0 0-0 9. a3 Ne4 10. Ne5 Nxc3 11. bxc3 Nxe5 12. dxe5 Qc7 13. cxd5 Qxe5 14. dxe6 Bxe6 15. Bf3 Qxc3 16. Be3 Bxa3 17. Bd4 Qb4 18. Qd3 Rfd8 19. Qxa3 Rxd4 20. Qxb4 Rxb4 21. Rfb1 Rxb1+ 22. Rxb1 a5 23. Rxb7 g6 24. Rb5 Ra7 25. h3 a4 26. Bd5 Bxd5 27. Rxd5 a3 28. Rd1 Rb7 29. Ra1 Rb3 30. Kf1 Kf8 31. Ke1 Ke7 32. Ra2 Kd6 33. Kd2 Kc5 34. Kc1 Kc4 35. Re2 Rb2 36. Re4+ Kb3 37. Re3+ Ka2 38. Rf3 f5 39. g4 Rb3 40. Rf4 Rc3+ 41. Kd2 Kb2 42. Ra4 Rxh3 43. gxf5 gxf5 44. Rb4+ Rb3 45. Rc4 a2 46. Rc2+ Ka3 0-1